000 00651nam a2200217 a 4500
001 3036800
005 20241130102501.0
008 960119s1996 maua 001 0 eng
020 _a0395744156
050 0 0 _aQD31.2
_b.E22 1996
082 0 0 _a540
_220
100 1 _aEbbing, Darrell D.
245 1 0 _aGeneral chemistry /
_cDarrell D. Ebbing ; consulting editor, Mark S. Wrighton.
250 _a5th ed.
260 _aBoston :
_bHoughton Mifflin,
_cc1996.
300 _a1 v. (various pagings) :
_bill. (some col.) ;
_c27 cm.
500 _aIncludes index.
650 0 _aChemistry.
700 1 _aWrighton, Mark S.,
_d1949-
942 _2lcc
_cBK
_e5th ed.
_n0
999 _c1814
_d1814